Quiz o ziemi chełmińskiej - Statystyki

Ogólne statystyki
  • Ten quiz został rozwiązany 6 razy
    5 od ostatniego zresetowania
  • Średni wynik to 8 z 14
Statystyki odpowiedzi
Pytanie Odpowiedź % Poprawnych
Historyczna stolica Chełmno
100%
Województwo w której leży większość Ziemi Chełmińskiej Kujawsko-Pomorskie
100%
Miasto leżące częściowo na terenie Ziemi Chełmińskiej będące jej największym ośrodkiem Toruń
80%
Województwo oprócz powyższego w których również są miasta na Ziemi Chełmińskiej Warmińsko-Mazurskie
80%
Największe rzeki wyznaczające granice regionu Wisła
80%
Gotycki zamek krzyżacki wzniesiony nad Drwęcą Zamek w {Golubiu}
60%
Największe rzeki wyznaczające granice regionu Drwęca
40%
Historyczne regiony graniczące Kujawy
40%
Historyczne regiony graniczące {Pomorze} Gdańskie
40%
Historyczne regiony graniczące {Prusy} Książęce
40%
Zakon rycerski który otrzymał Ziemię Chełmińską w XIII wieku Zakon Krzyżacki
40%
Historyczne regiony graniczące Ziemia {Dobrzyńska}
40%
Gotycki ratusz znajdujący się na starówce w Toruniu Ratusz {Staromiejski}
20%
Jeziorny region położony na północy tej krainy Pojezierze Chełmińskie
0%
Nie znaleziono quizów pasujących do podanych kryteriów
Rozkład punktacji
Procent ludzi z każdym wynikiem
Percentyl według liczby udzielonych odpowiedzi
Twoja historia wyników
Nie rozwiązałeś tego quizu od ostatniego zresetowania